000 00589nam a2200229Ia 4500
003 OSt
005 20221007063944.0
006 a|||||r|||| 00| 0
007 ta
008 221006b |||||||| |||| 00| 0 eng d
024 _a19,247
037 _cTextual
040 _aFLL
_cFLL
_beng
041 _2eng
_aeng
082 _aZ:91, H0;1
100 _aPound Roscoe
_979221
245 0 _aContemporary juristic theory
260 _aCalifornia
_bPomona College
_c1940
300 _a83p
_ccm.
942 _hZ:91, H0;1
_cTEXL
_2CC
999 _c1132638
_d1132638